000 00314nam a22001337a 4500
008 170810b xxu||||| |||| 00| 0 eng d
020 _a9783519026433
041 _ager
080 _a004
100 _a35
101 _aSHK
245 _aFORMALE BESCHREIBUNG- VERFAHREN DER INFORMATIK
_cEIRUND,H
942 _2udc
_cBK
999 _c23171
_d23171